[Event "DEN-ch Seniors 50"]
[Site "Randers"]
[Date "2015.02.12"]
[Round "6"]
[White "Grafmoller, Torben"]
[Black "Jorgensen, Orla Eilegaard"]
[Result "1-0"]
[WhiteElo "1787"]
[BlackElo "1604"]
[PlyCount "85"]
[EventDate "2015.02.07"]
[EventType "swiss"]
[EventRounds "7"]
[EventCountry "DEN"]
[SourceTitle "EXT 2016"]
[Source "ChessBase"]
[SourceDate "2015.10.08"]
[SourceVersion "1"]
[SourceVersionDate "2015.10.08"]
[SourceQuality "1"]

1. Nf3 c5 2. g3 Nf6 3. Bg2 Nc6 4. 0-0 d5 5. d3 Bf5 6. Nbd2 Qd7 7. Re1 Bh3 8. Bh1 h6 9. c4 d4 10. Qa4 e5 11. a3 Ng4 12. Bg2 Bxg2 13. Kxg2 h5 14. Ne4 f5 15. Neg5 Bd6 16. Nh4 f4 17. Ne4 fxg3 18. hxg3 Be7 19. Ng6 Rh7 20. Nxe7 Qxe7 21. Bg5 Nf6 22. Qb5 0-0-0 23. Nxc5 Qf7 24. f3 Rf8 25. Rf1 h4 26. gxh4 Nh5 27. Kf2 Nf4 28. Bxf4 exf4 29. Rh1 Qe7 30. Ne4 Rxh4 31. Qg5 Qxg5 32. Nxg5 Rfh8 33. Rxh4 Rxh4 34. Rg1 Rh2+ 35. Ke1 Kd7 36. Ne4 Rh7 37. Rg4 Rh1+ 38. Kd2 Na5 39. Rxg7+ Kc6 40. Rg6+ Kc7 41. Nc5 b6 42. Ne6+ Kd7 43. Nxd4 1-0

[Event "DEN-ch Seniors 50"]
[Site "Randers"]
[Date "2015.02.11"]
[Round "5"]
[White "Grafmoller, Torben"]
[Black "Henninger, Holger"]
[Result "1-0"]
[WhiteElo "1787"]
[BlackElo "1761"]
[PlyCount "71"]
[EventDate "2015.02.07"]
[EventType "swiss"]
[EventRounds "7"]
[EventCountry "DEN"]
[SourceTitle "EXT 2016"]
[Source "ChessBase"]
[SourceDate "2015.10.08"]
[SourceVersion "1"]
[SourceVersionDate "2015.10.08"]
[SourceQuality "1"]

1. Nf3 f5 2. e4 fxe4 3. Ng5 Nf6 4. d3 exd3 5. Bxd3 d6 6. Nxh7 Bg4 7. Nxf6+ gxf6 8. Qxg4 Qd7 9. Qg6+ Kd8 10. Nc3 Qe6+ 11. Qe4 Qxe4+ 12. Bxe4 c6 13. Bf5 Nd7 14. Be3 Kc7 15. 0-0-0 Re8 16. Bxd7 Kxd7 17. Bxa7 Kc7 18. Be3 e5 19. Ne4 f5 20. Nc3 f4 21. Bd2 d5 22. Ne2 Bd6 23. f3 Rhf8 24. Rdf1 Ra8 25. a3 b5 26. g3 fxg3 27. hxg3 c5 28. c3 Kc6 29. f4 e4 30. g4 Rae8 31. Be3 Rg8 32. g5 Ra8 33. Kc2 Rgd8 34. Rh6 Kb6 35. Rf6 Ka5 36. b4+ 1-0

[Event "Amager-ch"]
[Site "Amager"]
[Date "2011.09.06"]
[Round "2"]
[White "Nielsen, Mogens Bach"]
[Black "Grafmoller, Torben"]
[Result "1/2-1/2"]
[WhiteElo "1804"]
[BlackElo "1794"]
[PlyCount "108"]
[EventDate "2011.08.30"]
[EventType "swiss"]
[EventRounds "7"]
[EventCountry "DEN"]
[SourceTitle "EXT 2023"]
[Source "ChessBase"]
[SourceDate "2022.10.05"]
[SourceVersion "1"]
[SourceVersionDate "2022.10.05"]
[SourceQuality "1"]

1. c4 Nf6 2. Nc3 g6 3. e4 d6 4. d4 Bg7 5. Be2 0-0 6. Bg5 Nbd7 7. Nf3 c5 8. d5 a6 9. Qd2 b5 10. cxb5 Qa5 11. bxa6 Bxa6 12. Bxa6 Qxa6 13. Qe2 Qxe2+ 14. Kxe2 h6 15. Bd2 Rfb8 16. Rab1 Nb6 17. Rhc1 Na4 18. e5 Nxc3+ 19. Bxc3 Nxd5 20. Kf1 Nxc3 21. Rxc3 Rxa2 22. Rc2 Rb5 23. exd6 exd6 24. Rd2 Rb6 25. b3 Ra1 26. Rxa1 Bxa1 27. Rd3 Kf8 28. Ke2 Ke7 29. Nd2 Ra6 30. Kf3 Bd4 31. b4 Rb6 32. bxc5 dxc5 33. Ke2 Rb2 34. f4 f5 35. Kf3 Rc2 36. g4 Rc3 37. Rxc3 Bxc3 38. Nb3 Bb4 39. gxf5 gxf5 40. Ke3 Kd6 41. Nc1 Kd5 42. Ne2 Be1 43. Kd3 c4+ 44. Ke3 Kc5 45. h3 h5 46. Nc1 h4 47. Ne2 c3 48. Kd3 Bd2 49. Nxc3 Bxf4 50. Ke2 Kd4 51. Kf3 Bg3 52. Ne2+ Ke5 53. Nxg3 hxg3 54. Kxg3 Kf6 1/2-1/2